Olympic Medals by GDP - Statistics

General Stats
  • This quiz has been taken 69 times
    36 since last reset
  • The average score is 4 of 10
Answer Stats
Medals GDP (billion) Medals per GDP Answer % Correct
87 15.83 5.4959 Jamaica
70%
241 105.354 2.2875 Cuba
67%
511 163.469 3.1260 Hungary
56%
3 1.211 2.4773 Grenada
44%
40 17.742 2.2545 Georgia
41%
224 67.925 3.2978 Bulgaria
33%
54 16.331 3.306 North Korea
33%
1 0.508 1.9685 Tonga
30%
3 1.602 1.8727 San Marino
26%
30 13.852 2.1658 Mongolia
22%
No matching quizzes found
Score Distribution
Percent of People with Each Score
Percentile by Number Answered
Your Score History
You have not taken this quiz since the last reset